| 000 | 00738nam a22002177a 4500 | ||
|---|---|---|---|
| 999 |
_c18898 _d18898 |
||
| 003 | AR-CdUCM | ||
| 008 | 190515b ||||| |||| 00| 0 spa d | ||
| 040 |
_aMUNICIPALIDAD PROVINCIAL DEL CUSCO _cBIBLIOTECA MUNICIPAL DEL CUSCO |
||
| 082 |
_a868.6 / _bJ37 |
||
| 100 |
_aJardiel Poncela, Enrique _9761 |
||
| 245 |
_aEl libro del convaleciente : _binyecciones de alegría para hospitales y sanatorios / |
||
| 260 |
_aMéxico : _bLatino Americana, _c1957. |
||
| 300 |
_a391 paginas ; _bIlustraciones, _c20 cm. |
||
| 505 | _aContenido : Sátira | ||
| 650 |
_aHumorismo español _9763 |
||
| 650 |
_aSiglo XX _98 |
||
| 650 |
_aCuentos españoles _9762 |
||
| 650 |
_aTeatro español- _9648 |
||
| 942 |
_2ddc _cLIBROS |
||
| 945 |
_awnts _d2019-05-15 |
||